General theory of Lie groupoids and Lie algebroids /
Guardado en:
| Autor Principal: | |
|---|---|
| Formato: | Libro |
| Idioma: | English |
| Publicado: |
Cambridge ; New York :
Cambridge University Press,
2005.
|
| Series: | London Mathematical Society lecture note series ;
213 |
| Materias: | |
| Acceso en línea: | Publisher description Table of contents only Contributor biographical information |
| Etiquetas: |
Agregar Etiqueta
Sin Etiquetas, Sea el primero en etiquetar este registro!
|
| LEADER | 01236cam a22002897a 4500 | ||
|---|---|---|---|
| 001 | MAT.inmabb006818 | ||
| 008 | 051221s2005####nyu######b####001#0#eng#d | ||
| 005 | 20140312200855.0 | ||
| 245 | 1 | 0 | |a General theory of Lie groupoids and Lie algebroids / |c Kirill C.H. Mackenzie. |
| 260 | |a Cambridge ; |a New York : |b Cambridge University Press, |c 2005. | ||
| 300 | |a xxxv, 501 p. ; |c 23 cm. | ||
| 440 | 0 | |a London Mathematical Society lecture note series ; |v 213 | |
| 504 | |a Incluye referencias bibliográficas (p. 479-495) e índice. | ||
| 510 | 4 | |a MR, |c 2006k:58035 | |
| 020 | |a 0521499283 (pbk.) | ||
| 100 | 1 | |a Mackenzie, K. |q (Kirill) | |
| 650 | 0 | |a Lie groupoids. | |
| 650 | 0 | |a Lie algebroids. | |
| 084 | |a 58H05 (53D17) |2 msc2000 | ||
| 010 | |a 2005296814 | ||
| 040 | |a TKR |c TKR |d UKM |d BAKER |d DLC | ||
| 016 | 7 | |a 013124655 |2 Uk | |
| 856 | 4 | 2 | |3 Publisher description |u http://www.loc.gov/catdir/enhancements/fy0632/2005296814-d.html |
| 856 | 4 | 1 | |3 Table of contents only |u http://www.loc.gov/catdir/enhancements/fy0632/2005296814-t.html |
| 856 | 4 | 2 | |3 Contributor biographical information |u http://www.loc.gov/catdir/enhancements/fy0732/2005296814-b.html |
| 859 | |h 58 |i M156g |p A-8871 |b BIB. MATEMATICA | ||
| 859 | |h 58 |i M156g |p A-8872 |t Ej. 2 |b BIB. MATEMATICA | ||
